000 00320cam a22000977a 4500
008 180718b2006 xxu||||| |||| 00| 0 eng d
100 _aChoube, Pramad Kumar
245 _aVikas ke Aayam: prakantar paksh avom drishtiyan
_cedited by Pramad Kumar Choube
260 _aNew Delhi
_bBharatita Lok Prashasan
_c2006
300 _a248p.
999 _c501932
_d501932